Managerial accounting /

This book is divided into five parts: Managerial accounting framework; Product cost framework; Planning and control framework; Decision-Making framework; and Extensions in managerial analysis.

Tallennettuna:
Bibliografiset tiedot
Päätekijä: Sollenberger, Harold M.
Muut tekijät: Schneider, Arnold.
Aineistotyyppi: Kirja
Kieli:English
Julkaistu: Cincinnati, OH : South-Western College, 1996.
Painos:9th ed.
Aiheet:
Tagit: Lisää tagi
Ei tageja, Lisää ensimmäinen tagi!
Thư viện lưu trữ: Mạng thư viện Đại học Đà Nẵng
LEADER 01125cam a2200361 i 4500
001 000048984
003 8711
005 20051111142124.0
008 010320b1996 vm 000 eng
020 |a 0538842822 
040 |a IRC  |c IRC  |d IRC 
041 0 |a eng 
082 1 4 |a 658.151  |b SO-H 
100 1 |a Sollenberger, Harold M. 
245 0 0 |a Managerial accounting /  |c Harold M. Sollenberger, Arnold Schneider. 
250 |a 9th ed. 
260 |a Cincinnati, OH :  |b South-Western College,  |c 1996. 
300 |a xxv, 822 p. :  |b ill. ;  |c 25.5cm. 
520 3 |a This book is divided into five parts: Managerial accounting framework; Product cost framework; Planning and control framework; Decision-Making framework; and Extensions in managerial analysis. 
630 0 4 |a Accounting. 
650 0 4 |a Managerial accounting. 
650 0 4 |a Cost accounting. 
700 1 |a Schneider, Arnold. 
OWN |a DUT 
999 |a From the UDN01 
TYP |a Monograph 
TYP |a Printed language 
980 |a Mạng thư viện Đại học Đà Nẵng